000 01987nmm a2200541 a 4500
003 AR-BaBNM
005 20251128203411.0
008 017019s1945 ||||||||||||||000 | spa||
040 _cAR-BaBNM
100 1 _aLevene, Ricardo
245 1 0 _aHistoria del derecho argentino
_bhistoria de las fuentes del derecho indiano
_n1
260 _aBuenos Aires
_bKraft
_c1945
300 0 _a377 p.
_bláms.
500 1 _aContiene: "Advertencia a la introducción a la historia del derecho indiano", "Juicio de Rafael Altamira: prólogo de la obra Fuerza transformadora de la universidad argentina de Ricardo Levene", "Juicio de José María Ots: Ricardo Levene: Introducción a la
500 0 _aIndice alfabético de nombres de personas p. 361-368
500 0 _aIndice general de nombres geográficos y etnográficos p. 369-373
500 0 _aIndice de láminas p. 375-377
500 0 _aIndice de capítulos p. 379-388
600 1 4 _aEcheverría, Esteban
_d1805-1851
600 1 4 _aGarcía, Juan Agustin
_d1862-1923
600 1 4 _aCasas, Bartolomé de las
600 1 4 _aLópez de Palacios Rubios, Juan
600 0 4 _aPaulo
600 1 4 _aSoto, Domingo
600 1 4 _aVitoria, Francisco de
_d1483-1546
600 1 4 _aSuárez, Francisco
_d1548-1617
600 1 4 _aSolorzano Pereira, Juan De
600 1 4 _aToledo, Francisco De
600 1 4 _aMatienzo, Juan de
_dS. XVI-
600 1 4 _aOvando, Juan De
600 1 4 _aEncinas, Diego De
600 1 4 _aZorrilla, Diego De
600 1 4 _aLeón Pinelo, Antonio de
600 1 4 _aAyala, Manuel Josef de
650 4 _aHISTORIA DEL DERECHO ARGENTINO
650 4 _aDERECHO ARGENTINO
650 4 _aDERECHO INDIANO
650 4 _aLEGISLACION INDIANA
650 4 _aFUENTES DEL DERECHO
650 4 _aINSTITUCIONES HISPANOAMERICANAS
650 4 _aENCOMIENDA
650 4 _aDERECHO NATURAL
650 4 _aHISTORIA INSTITUCIONAL
650 4 _aREVOLUCION DE MAYO
650 4 _aDERECHO CONSUETUDINARIO
942 _cBK
998 _cAndrea
999 _c3211
_d3211